Постановление ГКО СССР № 3964 сс о производстве самоходных артиллерийских установок с 76-мм пушками на Горьковском автозаводе и ...

RUSMARC
00005616cam0a2200337#x 450
001081fbbbd-15f7-49fb-b440-65c808b11a59
00520250521145758.0
100##$a20250521j19430821k###0rusy50 ca
1010#$arus
102##$aRU
105##$ay###z########
1220#$ad19430821##
2001#$aПостановление ГКО СССР № 3964 сс о производстве самоходных артиллерийских установок с 76-мм пушками на Горьковском автозаводе и заводе № 40 Наркомата среднего машиностроения, с приложением докладной записки Берии Л. П., Малышева В. А., Федоренко Я. Н., Коробкова Б. М., Кучумова П. С. Сталину И. В.
$j21 августа 1943 г.
251##$cДокумент
300##$aРассылочный и подлинный экземпляры
461#0$12001
$aФ. 644
$1251
$cФонд
$1852
$j644
462#0$12001
$aОп. 1
$1251
$cОпись
$1852
$j1
60101$2nlr_sh
$3RU\NLR\AUTH\661357733
$aСССР
$bГосударственный Комитет Обороны
$xИстория
$jДокументы и материалы
60101$2nlr_sh
$3RU\NLR\AUTH\661481993
$a"Горьковский автомобильный завод", открытое акционерное общество
$cНижний Новгород, город
$xИстория
$jДокументы и материалы
605##$2prlib_sh
$3LIBNET\UAF\0000088514
$aВторая мировая война в архивных документах (Комплекс оцифрованных архивных документов, кино- и фотоматериалов)
$lколлекция
605##$2acquisition_Prlib
$3DITM\AF\0000002775
$aВласть
$lколлекция
6061#$2prlib_sh
$3LIBNET\UAF\0000111015
$aВоенная промышленность
$xИстория
$yСССР
$z1941 - 1945
$jДокументы и материалы
6061#$2nlr_sh
$3RU\NLR\AUTH\661377252
$aСамоходные артиллерийские установки
$yСССР
$z1941 - 1945
$jДокументы и материалы
686##$a65.03(2)622ю1
$2rubbk
$vLBC/M
686##$a63.3(2)622,12ю1
$2rubbk
$vLBC/M
686##$a68.514.12-1(2)ю1
$2rubbk
$vLBC/M
801#0$aRU
$bПБ им. Б.Н. Ельцина
$c20250521
801#1$aRU
$bПБ им. Б.Н. Ельцина
$c20250521
$2rusmarc
801#2$aRU
$bПБ им. Б.Н. Ельцина
$c20250521
$2rusmarc
850##$aРоссийский государственный архив социально-политической истории
852##$aРГАСПИ
$jД. 146. Л. 150-150об.; Оп. 2. Д. 206. Л. 58-61
035##$aLIBNET\0001474813
937##$d196746013
$hФедеральное архивное агентство
8564#$uhttp://readingroom.main.prlib.ru/item.aspx?id_node=n196746013&mode=full
Формат отображения